000 00625nam a2200253Ia 4500
005 20260121161333.0
008 008 260114s9999 xx 000 0 eng d
020 _a9780429186271
037 _aEBOOK
040 _aCRL
040 _beng
040 _cCRL
041 _2eng
041 _aeng
084 _qCRL
100 _aOlga Korosteleva
_91043152
245 0 _aNonparametric Methods in Statistics with SAS Applications
260 _bTaylor and Francis
260 _c2014
856 _uhttp://www.taylorfrancis.com/books/9780429186271
942 _cEBOOK
999 _c1609968
_d1609968